Nueva york : guía visual

Guardado en:
Formato: Libro
Publicado: Buenos Aires : Clarín, 1998
Series:Biblioteca clarín. Serie Guías visuales
Materias:
Etiquetas: Agregar Etiqueta
Sin Etiquetas, Sea el primero en etiquetar este registro!
LEADER 00726nam a22002295a 4500
001 CEM.cems011973
005 20070514185512.0
008 130507s1998##################000#0#####d
003 CEMS
020 |a 9879153170 
082 0 4 |a 917.304 
245 0 0 |a Nueva york :  |b guía visual 
260 |a Buenos Aires :  |b Clarín,  |c 1998 
300 |a 143 p. 
490 0 |a Biblioteca clarín. Serie Guías visuales 
500 |a Guía de viajes y turismo 
505 0 |a Arquitectura -- Historia -- Museos -- Mapas -- Paseos -- Compra -- Datos -- Servicios 
653 |a Turismo 
653 |a Nueva york-guías visuales 
653 |a Eeuu-turismo 
653 |a Nueva york-turismo 
859 |a CEMS  |b BIB. CEMS - 11 de abril  |h 917.304  |i C394  |p 23090.05  |t Ej.1